000 00499pam a2200181 a 4500
020 _a9810006489
_c375.00
041 _aeng
_hNULL
082 _a618.2
_bDEC/POL
100 _aDECHERNEY, A .
245 _aDECISION MAKING IN INFERTILITY /
_cNULL.
_hTextual Documents
260 _aNULL :
_bJAYPEE BROTHERS MEDICAL PUB. ,
_c1993.
300 _a214 :
_bXII ;
_cNULL .
365 _a375.00
700 _aPOLAN, M .
_aLEE, R .
930 _a1720
999 _c796256
_d796256
650 _aOBST.GYNE